Datum a čas kvízu
35
Celkem bodů
Celkový počet nahraných bodů na tomto kvízu bez doplňovacích otázek.
6.
Pořadí na kvízu
Konečné umístění týmu na tomto kvízu.
Zaznamenané odpovědi
| # | Otázka | Odpověď | Body | Výsledky |
|---|---|---|---|---|
| 1. | K razantnímu kroku přistoupila... | tepláky a crop topy (krátká trika) | 1 | |
| 2. | Donald Trump a technika se na... | eskalátor | 1 | |
| 3. | Do televizní reality show Love... | o Daru Rolins | 1 | |
| 4. | Na jedné technické univerzitě... | Ostrava | 1 | |
| 5. | Dvěma pilotům formule 1 se min... | Carlos Sainz; Charles Leclerc | 0.5 | |
| 6. | Gesto, které vidíme na obrázku... | 1B 2C 3A 4D | 0 | |
| 7. | Gesto na obrázku znamená v mno... | o stoletou válku | 0 | |
| 8. | Sheldon Cooper v Teorii velkéh... | Spocka a tapíra (ještěra) | 1 | |
| 9. | Která dvě písmena české dvouru... | CH, R | 1 | |
| 10. | Na výřezu z obrazu francouzské... | paroháč (že je mu žena nevěrná) | 0 |